Quantum mechanics by Claude Cohen-Tannoudji and others.Tr by Susan Reid Hemley and others (Record no. 1211588)

MARC details
000 -LEADER
fixed length control field 01327nam a2200337Ia 4500
003 - CONTROL NUMBER IDENTIFIER
control field OSt
005 - DATE AND TIME OF LATEST TRANSACTION
control field 20221007123238.0
008 - FIXED-LENGTH DATA ELEMENTS--GENERAL INFORMATION
fixed length control field 221006b |||||||| |||| 00| 0 eng d
020 ## - INTERNATIONAL STANDARD BOOK NUMBER
International Standard Book Number 047116435X(V 2) (pbk)
020 ## - INTERNATIONAL STANDARD BOOK NUMBER
International Standard Book Number 0-471-16433-X(V 1) (pbk)
-- 130.00
037 ## - SOURCE OF ACQUISITION
Terms of availability Textual
040 ## - CATALOGING SOURCE
Original cataloging agency PAPL
Transcribing agency PAPL
Language of cataloging eng
041 ## - LANGUAGE CODE
Source of code eng
Language code of text/sound track or separate title eng
100 ## - MAIN ENTRY--PERSONAL NAME
Personal name Cohen-Tannoudji Claude
245 #0 - TITLE STATEMENT
Title Quantum mechanics by Claude Cohen-Tannoudji and others.Tr by Susan Reid Hemley and others
Remainder of title Diu Bernard Laloe Franck Hemley Susan Reid^eand others Tr
260 ## - PUBLICATION, DISTRIBUTION, ETC.
Place of publication, distribution, etc. New
Name of publisher, distributor, etc. York John Wiley Sons
Date of publication, distribution, etc. 1977
300 ## - PHYSICAL DESCRIPTION
Extent 2 V
Dimensions cm.
490 ## - SERIES STATEMENT
Volume/sequential designation V 1 (xv,898p)
500 ## - GENERAL NOTE
General note Bibliography 1499-1516p; Index 1517-1524p; ^n23/CSL/CARPA/96-97/3407^d1996-08-14^mPurchase; ; 96-97/166^b1996-10-10^c37323^d1996-10-09^eHindustan Book Agency (India); ; 1996-10-10^bSB^c1996-10-14
650 ## - SUBJECT ADDED ENTRY--TOPICAL TERM
Topical term or geographic name entry element Quantum mechanics
650 ## - SUBJECT ADDED ENTRY--TOPICAL TERM
Topical term or geographic name entry element Physics
700 ## - ADDED ENTRY--PERSONAL NAME
Personal name Diu Bernard
700 ## - ADDED ENTRY--PERSONAL NAME
Personal name Hemley Susan Reid^eand others Tr
9 (RLIN) 716951
700 ## - ADDED ENTRY--PERSONAL NAME
Personal name Laloe Franck
942 ## - ADDED ENTRY ELEMENTS (KOHA)
Classification part CN26, L7.1-;3
Koha item type Textual
Source of classification or shelving scheme Colon Classification (CC)
Holdings
Withdrawn status Lost status Source of classification or shelving scheme Damaged status Not for loan Home library Current library Date acquired Source of acquisition Serial Enumeration / chronology Total Checkouts Full call number Barcode Date last seen Price effective from Koha item type
    Colon Classification (CC)     Department of Physics and Astrophysics Library Department of Physics and Astrophysics Library 2022-10-07 Hindustan, V 1 (xv,898p)   CN26 L7.1-;3 PA0005123 2022-10-07 2022-10-07 Textual
Copyright @ Delhi University Library System